000 01106cam a2200277 4500
001 L127570
002 8013
008 040929n2005 000 0 eng u
020 _a0954736907
035 _a(Sirsi) u127570
041 _aeng
050 _a692.5
_c18
245 _a2005 Wessex SMM7 estimating building price book
250 _a10th ed.
260 _aPoole
_bWessex
_c2005
300 _aCa. 1000p.
_c30cm.
350 _a69.95
520 _aThe latest edition of this standard building price book aims to provide building contractors and consultants with a comprehensive guide to the current (net cost) unit prices for building work whilst enabling users to ensure that their selected rates are competitive. Includes labour constants, an approximate estimating section, professional information and BCIS square metre rates.
650 _aCONSTRUCTION COSTS
650 _aBUILDING PRICE BOOKS
650 _aSTANDARD METHOD OF MEASUREMENT (SEVENTH EDITION)
650 _aCOST ESTIMATING
690 _aBUILT ENVIRONMENT-BUILDING COSTS
700 _aBarnett, N.P.
_xEditor
942 _n0
999 _c103802
_d103802